Mt Rushmore Presidential Trivia - Statistics

General Stats
  • This quiz has been taken 123 times
  • The average score is 3 of 5
Answer Stats
Question Answer % Correct
Which President saw the pacific ocean Theodore Roosevelt
100%
How high is Mt Rushmore? (from sea level) 5,725 feet
58%
True or False, Thomas Jefferson's middle name was Thomas. False
58%
What is NOT in front of Mt Rushmore? A sightseeing tram
42%
How long was there continually a president alive that would end up on Mt Rushmore? 187 years
17%
No matching quizzes found
Score Distribution
Percent of People with Each Score
Percentile by Number Answered
Your Score History
You have not taken this quiz